Catalog

Record Details

Catalog Search



Gran Torino / Warner Bros. Pictures presents in ... Read More

Available copies

  • 1 of 3 copies available at LARL/NWRL Consortium.
  • 1 of 2 copies available at Northwest Regional Library. (Show preferred library)

Current holds

0 current holds with 3 total copies.

Show Only Available Copies
Location Call Number / Copy Notes Barcode Shelving Location Status Due Date
Red Lake Falls Public Library DVD GRA (Text) 35500006349375 Main Available -
Roseau Public Library DVD GRA (Text) 35500006394694 Main Checked out 07/10/2026
Fertile Public Library DVD GRA (Text) 33500014424147 Main In transit -

Record details

  • ISBN: 9786312883760
  • ISBN: 1419872575
  • ISBN: 9781419872570
  • Physical Description: 1 videodisc (116 min.) : sd., col. ; 4 3/4 in.
  • Edition: Widescreen ed.
  • Publisher: Burbank, CA : Warner Home Video, 2009

Content descriptions

General Note:
Originally released as a motion picture in 2008.
Creation/Production Credits Note:
Director of photography, Tom Stern ; editors, Joel ... Read More
Participant or Performer Note:
Clint Eastwood, Bee Vang, Ahney Her, Christopher ... Read More
Summary, etc.:
Walt Kowalski is a widower who holds onto his ... Read More
Target Audience Note:
MPAA rating: R; for language throughtout, and some ... Read More
System Details Note:
DVD, region 1, widescreen (2.35:1); Dolby Digital.
Language Note:
English, French, or Spanish dialogue; English, ... Read More
Subject: Widowers > Michigan > Drama.
Torino automobile > Drama.
Hmong American teenage boys > Michigan > Drama.
Gangs > Michigan > Drama.
Hmong American families > Michigan > Drama.
Families > Michigan > Drama.
Korean War, 1950-1953 > Veterans > Drama.
Genre: Films for the hearing impaired.
Crime films.
Feature films.
LDR 04167cgm a2200733Ka 4500
001105404
003LARL_NWRL_CONSORTIUM
00520180831164605.0
007vd cvaizu
008090326s2009 cau116 vleng d
020 . ‡a9786312883760
020 . ‡a1419872575
020 . ‡a9781419872570
0241 . ‡a883929033164
0241 . ‡a883929033171
02842. ‡a1000041155 ‡bWarner Home Video
035 . ‡a(OCoLC)317155768
040 . ‡aTEFMT ‡cTEFMT ‡dTEF ‡dBTCTA ‡dRCS ‡dGK8 ‡dRLS ‡dIF9 ‡dVP@ ‡dGO3 ‡dUVU ‡dOUN
0411 . ‡aeng ‡afre ‡aspa ‡beng ‡bfre ‡bspa ‡heng
043 . ‡an-us-mi
24500. ‡aGran Torino / ‡cWarner Bros. Pictures presents in association with Village Roadshow Pictures, a Double Nickel Entertainment, a Malpaso Production ; produced by Robert Lorenz, Bill Gerber ; story by David Johannson & Nick Schenk ; screenplay by Nick Schenk ; produced and directed by Clint Eastwood.
250 . ‡aWidescreen ed.
260 . ‡aBurbank, CA : ‡bWarner Home Video, ‡c2009
300 . ‡a1 videodisc (116 min.) : ‡bsd., col. ; ‡c4 3/4 in.
5111 . ‡aClint Eastwood, Bee Vang, Ahney Her, Christopher Carley.
508 . ‡aDirector of photography, Tom Stern ; editors, Joel Cox, Gary D. Roach.
500 . ‡aOriginally released as a motion picture in 2008.
538 . ‡aDVD, region 1, widescreen (2.35:1); Dolby Digital.
546 . ‡aEnglish, French, or Spanish dialogue; English, French, or Spanish subtitles; English subtitles for the deaf and hard of hearing.
5218 . ‡aMPAA rating: R; for language throughtout, and some violence.
520 . ‡aWalt Kowalski is a widower who holds onto his prejudices despite the changes in his Michigan neighborhood and the world around him. Walt is a grumpy, tough-minded, unhappy old man, who can't get along with either his kids or his neighbors. He is a Korean War veteran whose prize possession is a 1972 Gran Torino he keeps in mint condition. When his neighbor, Thao, a young Hmong teenager, becomes pressured by his gang member cousin to steal Walt's Gran Torino, Kowalski sets out to reform the youth. Drawn against his will into the life of Thao's family, Walt is soon taking steps to protect them from the gangs that infest their neighborhood.
650 0. ‡aWidowers ‡zMichigan ‡vDrama.
650 0. ‡aTorino automobile ‡vDrama.
650 0. ‡aHmong American teenage boys ‡zMichigan ‡vDrama.
650 0. ‡aGangs ‡zMichigan ‡vDrama.
650 0. ‡aHmong American families ‡zMichigan ‡vDrama.
650 0. ‡aFamilies ‡zMichigan ‡vDrama.
650 0. ‡aKorean War, 1950-1953 ‡xVeterans ‡vDrama.
655 0. ‡aFilms for the hearing impaired. ‡0(LARL_NWRL_CONSORTIUM)175629
655 0. ‡aCrime films. ‡0(LARL_NWRL_CONSORTIUM)175788
655 0. ‡aFeature films. ‡0(LARL_NWRL_CONSORTIUM)175625
7001 . ‡aLorenz, Robert ‡q(Robert B.) ‡0(LARL_NWRL_CONSORTIUM)213126
7001 . ‡aGerber, Bill. ‡0(LARL_NWRL_CONSORTIUM)149724
7001 . ‡aJohannson, Dave. ‡0(LARL_NWRL_CONSORTIUM)216236
7001 . ‡aSchenk, Nick. ‡0(LARL_NWRL_CONSORTIUM)216237
7001 . ‡aEastwood, Clint, ‡d1930- ‡0(LARL_NWRL_CONSORTIUM)48422
7001 . ‡aVang, Bee, ‡d1991- ‡0(LARL_NWRL_CONSORTIUM)216061
7001 . ‡aHer, Ahney. ‡0(LARL_NWRL_CONSORTIUM)216062
7001 . ‡aCarley, Christopher, ‡d1978- ‡0(LARL_NWRL_CONSORTIUM)216241
7102 . ‡aWarner Bros. Pictures (1969- ) ‡0(LARL_NWRL_CONSORTIUM)156627
7102 . ‡aVillage Roadshow Pictures. ‡0(LARL_NWRL_CONSORTIUM)144136
7102 . ‡aDouble Nickel Entertainment (Firm) ‡0(LARL_NWRL_CONSORTIUM)216278
7102 . ‡aMalpaso (Company) ‡0(LARL_NWRL_CONSORTIUM)107455
7102 . ‡aWarner Home Video (Firm) ‡0(LARL_NWRL_CONSORTIUM)139520
901 . ‡a105404 ‡bOCLC ‡c105404 ‡tbiblio

Additional Resources